| 000 | 00907nam a22002657a 4500 | ||
|---|---|---|---|
| 999 |
_c33734 _d33734 |
||
| 001 | 3016 | ||
| 003 | CO-MdFUSB | ||
| 005 | 20180622073128.0 | ||
| 008 | 180413t1974 ag ||||| |||| 00| 0 spa d | ||
| 040 |
_aCO-MdFUSB _bspa _cCO-MdFUSB _dCO-MdFUSBC _erda |
||
| 041 | 0 |
_aspa _heng |
|
| 082 | 0 | 4 | _aG 227.8 B2441t |
| 100 | 1 |
_aBarclay, William (1907-1978) _eautor |
|
| 245 | 0 |
_aI y II Timoteo, Tito y Filemón _c/ William Barclay ; Dafne Sabanes de Plou, Traductor |
|
| 264 | 4 |
_aBuenos Aires, Argentina : _b La Aurora, _c©1974 |
|
| 300 | _a294 Pag | ||
| 336 |
_2rdacontent _atexto _btxt |
||
| 337 |
_2rdamedia _asin mediación _bn |
||
| 338 |
_2rdacarrier _avolumen _bnc |
||
| 500 | _aTítulo original : The letters to Timothy, Titus and Philemon | ||
| 653 | _aBiblia N.T. - Timoteo - Comentarios | ||
| 653 | _aBiblia N.T. - Tito - Comentarios | ||
| 653 | _aBiblia N.T. - Filemón - Comentarios | ||
| 942 | _cBK | ||